Anatomie d'un fleuve # le Mékong - Statistiques

Statistiques générales
  • Ce quiz a été pris 30 fois
  • Le résultat moyen est 13 sur 21
Statistiques - réponses
Question Réponse % Correct
Pays où se situe la source du Mékong Chine
100%
Le Mékong forme la frontière entre ces deux pays Laos | Birmanie
91%
Type d'embouchure Delta
87%
Nation colonisatrice de la région du Mékong France
83%
Principale culture dans les régions qu'il baigne Riz
83%
Métropole vietnamienne située à proximité de l'embouchure Ho Chi Minh Ville
78%
Péninsule qu'il traverse sur toute sa longueur Indochine
74%
Quatrième pays traversé par le Mékong Thaïlande
74%
Citez une capitale traversée par le Mékong Vientiane | Phnom Penh
74%
Etendue d'eau où se jette le Mékong Mer de {Chine méridionale}
70%
Nom donné au fleuve au Viet Nam (référence à un animal fantastique dangereux) Fleuve des neuf {dragons}
61%
Type de commerce installé au bord du fleuve Marché {flottant}
61%
Région montagneuse où elle se situe Tibet
61%
Mammifère aquatique en danger d'extinction {Dauphin} de l'Irrawady
48%
Poisson pêché dans ses eaux Poisson-{chat} géant
48%
Civilisation qui s'est développée dans le bassin du Mékong, entre le IXe et le XVe siècle Khmère
43%
Ecrivaine française qui a passé sa jeunesse dans la région Marguerite Duras
43%
Herbicide responsable d'une pollution importante du fleuve Dioxine
30%
Type de bateau qui sillonne le fleuve Sampan | Jonque
30%
Autre province traversée par le fleuve, célèbre pour ses cultures de thé Yunnan
26%
Région traversée par le fleuve, célèbre pour sa production d'opium Triangle d'Or
17%
Aucun quiz correspondant
Distribution des résultats
% des personnes avec chaque résultat
Percentile par nombre de réponses
Votre historique - résultats
Vous n’avez pas pris ce quiz